Statistics for Eurovision Song Contest 2018

Click here to take the quiz!

General Stats

  • This quiz has been taken 926 times
    (830 since last reset)
  • The average score is 49 of 86

Answer Stats

CountryAct or Song% Correct
Israeli SongTOY
94%
Israeli ActNetta
92%
Cypriotic SongFuego
89%
Czech SongLie to Me
84%
Finnish SongMonsters
78%
Bulgarian SongBones
78%
French SongMercy
77%
Norwegian ActAlexander Rybak
76%
Estonian SongLa Forza
74%
British SongStorm
74%
Azerbaijani SongX My Heart
74%
Czech ActMikolas Josef
73%
Swedish SongDance You Off
72%
Finnish ActSaara Aalto
72%
Norwegian SongThat's How You Write a Song
71%
Swiss SongStones
69%
British ActSuRie
69%
Cypriotic ActEleni Foureira
69%
Albanian SongMall
68%
Austrian SongNobody but You
68%
Lithuanian SongWhen We're Old
68%
Swedish ActBenjamin Ingrosso
68%
Croatian SongCrazy
66%
Belgian SongA Matter of Time
66%
Danish SongHigher Ground
66%
Australian SongWe Got Love
66%
Ukrainian ActMÉLOVIN
65%
Ukrainian SongUnder the Ladder
65%
Austrian ActCesár Sampson
65%
Bulgarian ActEquinox
64%
Irish SongTogether
64%
Belgian ActSennek
63%
Belarusian SongForever
63%
Slovenian SongHvala, ne!
62%
Azerbaijani ActAisel
62%
Portuguese SongO jardim
62%
Russian SongI Won't Break
61%
Armenian SongQami
61%
Swiss ActZibbz
60%
Song of F.Y.R. MacedoniaLost and Found
60%
Danish ActRasmussen
60%
Maltese SongTaboo
60%
Croatian ActFranka
58%
Latvian SongFunny Girl
58%
Spanish SongTu canción
58%
Moldovan ActDoReDos
58%
Polish SongLight Me Up
57%
Australian ActJessica Mauboy
57%
Icelandic SongOur Choice
57%
Dutch ActWaylon
56%
Belarusian ActAlekseev
55%
French ActMadame Monsieur
55%
Romanian ActThe Humans
54%
Moldovan SongMy Lucky Day
54%
Dutch SongOutlaw In 'Em
53%
German ActMichael Schulte
52%
Hungarian ActAWS
52%
Serbian SongNova Deca
52%
Albanian ActEugent Bushpepa
51%
German SongYou Let Me Walk Alone
51%
Act of F.Y.R. MacedoniaEye Cue
51%
Icelandic ActAri Ólafsson
50%
Latvian ActLaura Rizzotto
49%
Slovenian ActLea Sirk
49%
Romanian SongGoodbye
46%
Greek SongOneiro Mou
46%
Hungarian SongViszlát Nyár
45%
Sammarinese SongWho We Are
44%
Spanish ActAmaia y Alfred
43%
Maltese ActChristabelle
43%
Irish ActRyan O'Shaughnessy
42%
Montenegrine SongInje
41%
Russian ActJulia Samoylova
39%
Estonian ActElina Nechayeva
39%
Italian SongNon mi avete fatto niente
38%
Portuguese ActCláudia Pascoal
35%
Greek ActYianna Terzi
35%
Georgian SongFor You
35%
Georgian ActEthno-Jazz Band Iriao
31%
Lithuanian ActIeva Zasimauskaitė
30%
Italian ActErmal Meta & Fabrizio Moro
29%
Polish ActGromee feat. Lukas Meijer
28%
Serbian ActSanja Ilić & Balkanika
24%
Montenegrine ActVanja Radovanović
21%
Armenian ActSevak Khanagyan
20%
Sammarinese ActJessika feat. Jenifer Brening
19%

Score Distribution

Percentile by Number Answered

Percent of People with Each Score

Your Score History

You have not taken this quiz since the last reset